Т. 2; Излучение и рассеяние волн

Bibliographic Details
Parent link:Излучение и рассеяние волн=Radiation and scattering of waves: в 2 томах/ Л. Фелсен, Н. Маркувиц; Пер. М. Л. Левина. Т. 2.— 3-е изд..— , 1978
Language:Russian
Published: 1978
Subjects:
Format: Book
KOHA link:https://koha.lib.tpu.ru/cgi-bin/koha/opac-detail.pl?biblionumber=43722

MARC

LEADER 00000nam2a2200000 4500
001 43722
005 20231101210832.0
035 |a (RuTPU)RU\TPU\book\45283 
035 |a RU\TPU\book\45280 
090 |a 43722 
100 |a 20021017d1978 k y0rusy50 ca 
101 1 |a rus  |c eng 
102 |a RU 
105 |a a z 001zy 
200 0 |a Т. 2 
210 |d 1978 
215 |a 555 с.  |c ил. 
320 |a Библиогр. : с. 542 
461 1 |0 (RuTPU)RU\TPU\book\45278  |t Излучение и рассеяние волн  |o в 2 томах  |o пер. с англ.  |l Radiation and scattering of waves  |f Л. Фелсен, Н. Маркувиц  |g Пер. М. Л. Левина  |v Т. 2  |e 3-е изд.  |d 1978 
606 1 |a Электромагнитные волны  |x Рассеяние  |x (электрофизика)  |2 stltpush  |3 (RuTPU)RU\TPU\subj\20180  |9 45300 
610 1 |a физика 
610 1 |a электромагнитные волны 
610 1 |a дифракция 
610 1 |a распространение 
610 1 |a волноводы 
610 1 |a собственные функции 
610 1 |a интегралы 
610 1 |a асимптотическое вычисление 
675 |a 537.874  |v 3 
801 1 |a RU  |b 63413507  |c 20021017  |g PSBO 
801 2 |a RU  |b 63413507  |c 20190912  |g PSBO 
942 |c BK